Entry Nombre personal
001 - NÚMERO DE CONTROL
- campo de control: 18246
003 - IDENTIFICADOR DE NÚMERO DE CONTROL
- campo de control: SpMaBN
005 - FECHA Y HORA DE LA ÚLTIMA TRANSACCIÓN
- campo de control: 20230621222211.0
008 - ELEMENTOS DE DATO DE LONGITUD-FIJA
- campo de control de longitud fija: 900725nn ainnnaabn n aaa
016 ## - NÚMERO DE CONTROL DE UNA AGENCIA BIBLIOGRÁFICA NACIONAL
- Número de control del registro: BNE19960814081
040 ## - FUENTE DE CATALOGACIÓN
- Centro catalogador/agencia de origen: SpMaBN
- Lengua de catalogación: spa
- Centro/agencia transcriptor: SpMaBN
- Normas de descripción: rdc
- Convención/Normas de encabezamiento de materia/tesauro: embne
- Centro/agencia modificador: ES-MaACL
046 ## - FECHAS CON CODIFICACIÓN ESPECIAL
- Fecha de nacimiento: 1884
- Fecha de la muerte: 1925
100 1# - ENCABEZAMIENTO-NOMBRE DE PERSONA
- Nombre de persona: Acevedo Agosti, Valentin,
- Fechas asociadas al nombre: 1884-1925
370 ## - LUGAR ASOCIADO
- Lugar de nacimiento: España, Castilla y León, León (Provincia), León
374 ## - OCUPACIÓN
- Ocupación: Abogados
- Ocupación: profesores
375 ## - GÉNERO/SEXO
- Género: Masculino
377 ## - IDIOMA ASOCIADO
- Término de lengua/lenguaje: Español
670 ## - FUENTE DE DATOS ENCONTRADOS
- Cita de la fuente: Anarquismo y derecho penal, 1911;
- Información encontrada: portada (Doctor en Derecho y profesor de extensión universitaria)
670 ## - FUENTE DE DATOS ENCONTRADOS
- Cita de la fuente: WWW Bioguada, 8-1-2021;
- Información encontrada: (Valentín Acevedo Calleja. Contrajo matrimonio con Olimpia Agostí. Tuvo cinco hijos, uno de ellos Valentín, que nació en 1884 y falleció en 1925. Catedrático del Instituto de León entre 1881 y 1902)
- Identificador Uniforme de Recursos: http://bioguada.blogspot.com/2018/01/valentin-acevedo-calleja. html
670 ## - FUENTE DE DATOS ENCONTRADOS
- Cita de la fuente: WWW Bn España aut., 21-6-2023;
- Información encontrada: (Acevedo Agosti, Valentin, 1884-1925)
955 ## - CATALOGADOR - EDICIÓN
- Nombre del catalogador: Julia Mas Vieira
